[Event "78.Santo Camp. Veneto Quarti di Finale"]
[Site "Padova ITA"]
[Date "2019.02.17"]
[Round "4.13"]
[White "Ghiotto, Marco Luigi"]
[Black "Gallana, Marco"]
[Result "1/2-1/2"]
[WhiteElo "1917"]
[BlackElo "2267"]
[Annotator "Gabriele Ballarin"]
[PlyCount "105"]
[EventDate "2019.02.15"]
[EventType "swiss"]
[EventRounds "5"]
[EventCountry "ITA"]

1. d4 Nf6 2. c4 g6 3. Nf3 Bg7 4. g3 c6 5. Bg2 d5 6. O-O O-O 7. Nc3 dxc4 8. Ne5 Be6 9. e4 Nbd7 10. f4 Nxe5 11. fxe5 Bg4 12. Qd2 Ne8 13. h3 Bd7 14. Qe2 c5 15. Qxc4 cxd4 16. Qxd4 Bc6 17. Qxd8 Rxd8 18. Bg5 f6 19. exf6 exf6 20. Be3 Rd3 21. Bxa7 Rxg3 22. Rad1 f5 23. Bf2 Rg5 24. Be3 Rh5 25. exf5 Bxg2 26. Kxg2 Rhxf5 27. Rxf5 Rxf5 28. Rd8 Re5 29. Bd4 Rg5+ 30. Kf3 Bxd4 31. Rxd4 Rf5+ 32. Rf4 Rh5 33. h4 Nd6 34. Ne4 Nxe4 35. Rxe4 Rb5 36. b4 Kf7 37. a4 Rd5 38. Rc4 Rd7 39. b5 Ke6 40. Ke4 h6 41. Rc5 Rd1 42. a5 Kd6 43. Rc4 Ra1 44. Kd3 Rxa5 45. Rg4 Rxb5 46. Rxg6+ Ke5 47. Rxh6 Kf4 48. Kc4 Rb1 49. Rh5 Kg4 50. Rb5 Rxb5 51. Kxb5 Kxh4 52. Kb6 Kg5 53. Kxb7 1/2-1/2

[Event "78.Santo Camp. Veneto Quarti di Finale"]
[Site "Padova ITA"]
[Date "2019.02.17"]
[Round "4.14"]
[White "Quaranta, Cristiano"]
[Black "Kacani, Kirk"]
[Result "1-0"]
[WhiteElo "2149"]
[BlackElo "2002"]
[Annotator "Gabriele Ballarin"]
[PlyCount "109"]
[EventDate "2019.02.15"]
[EventType "swiss"]
[EventRounds "5"]
[EventCountry "ITA"]

1. Nf3 d5 2. c4 c6 3. g3 Bg4 4. Bg2 e6 5. Qb3 Qb6 6. Qc2 Nd7 7. b3 Ngf6 8. O-O Be7 9. Bb2 O-O 10. d3 h6 11. Nbd2 Bf5 12. a3 a5 13. Rab1 Rfe8 14. b4 axb4 15. axb4 Bxb4 16. Bc3 c5 17. Bxb4 cxb4 18. Qb3 Nc5 19. Qxb4 Qxb4 20. Rxb4 Ra2 21. Rb5 Rc8 {=} 22. Rc1 Na4 23. Rxb7 g5 24. h3 h5 25. Nb3 Rxe2 26. Nbd4 Ra2 27. Nxf5 exf5 28. Nxg5 Nc5 29. cxd5 Nxb7 30. Rxc8+ Kg7 31. Rc7 Nd6 32. Ne6+ Kg8 33. Nf4 h4 34. Rc6 Nfe8 35. gxh4 Ra4 36. Nh5 Rd4 37. Nf6+ Nxf6 38. Rxd6 Kg7 39. Bf3 Rxd3 40. Kg2 Rd4 41. h5 Ng8 42. Rd8 Nf6 43. Kg3 f4+ 44. Kg2 Nh7 45. d6 Ng5 46. Bg4 Rd5 47. d7 f5 48. h6+ Kf7 49. Bxf5 Rxf5 50. Rf8+ Kxf8 51. d8=Q+ Kf7 52. Qd7+ Kg6 53. Qg7+ Kh5 54. h7 Nxh7 55. Qg4+ 1-0

[Event "78.Santo Camp. Veneto Quarti di Finale"]
[Site "Padova ITA"]
[Date "2019.02.17"]
[Round "4.15"]
[White "Scarpa, Silvia"]
[Black "Fregonese, Giulio"]
[Result "1-0"]
[WhiteElo "2024"]
[BlackElo "2095"]
[Annotator "Gabriele Ballarin"]
[PlyCount "97"]
[EventDate "2019.02.15"]
[EventType "swiss"]
[EventRounds "5"]
[EventCountry "ITA"]

1. e4 e5 2. Nf3 Nc6 3. d4 exd4 4. Nxd4 Nf6 5. Nc3 Bb4 6. Nxc6 bxc6 7. Bd3 d6 8. O-O Ng4 9. Be2 Qh4 10. Bxg4 Bxg4 11. Qd4 Bxc3 12. Qxc3 O-O 13. Qxc6 Qe7 14. Bd2 Rab8 15. Qc3 Rfe8 16. Rfe1 f6 17. Qg3 Bd7 18. Bc3 Rb5 19. f4 Bc6 20. a4 Rh5 21. Qg4 Rh6 22. f5 Qf7 23. Bd2 Rh5 24. Ra3 Re7 25. a5 Be8 26. Rb3 g6 27. Rb8 Kg7 28. Rb7 a6 29. Rf1 Bc6 30. Rb4 Bb5 31. Rf2 c5 32. Rb3 d5 33. Rg3 g5 34. exd5 Kh8 35. Bc3 Rh4 36. Qd1 h6 37. d6 Rd7 38. Re3 Bc4 39. Qe1 Kg7 40. Re6 Rxh2 41. Bxf6+ Kh7 42. Kxh2 Qh5+ 43. Kg1 Bxe6 44. fxe6 Rxd6 45. Qe4+ Qg6 46. Qxg6+ Kxg6 47. e7 Re6 48. Kf1 Kf7 49. Bxg5+ 1-0

[Event "78.Santo Camp. Veneto Quarti di Finale"]
[Site "Padova ITA"]
[Date "2019.02.17"]
[Round "4.16"]
[White "Pasin, Mattia"]
[Black "Dionigi, Riccardo"]
[Result "1/2-1/2"]
[WhiteElo "1798"]
[BlackElo "2063"]
[Annotator "Gabriele Ballarin"]
[PlyCount "33"]
[EventDate "2019.02.15"]
[EventType "swiss"]
[EventRounds "5"]
[EventCountry "ITA"]

1. d4 Nf6 2. c4 e6 3. Nf3 d5 4. Nc3 Be7 5. Bf4 O-O 6. e3 Nbd7 7. a3 c5 8. cxd5 Nxd5 9. Nxd5 exd5 10. dxc5 Nxc5 11. Be2 Bf6 12. Be5 Ne6 13. Bxf6 Qxf6 14. Qd2 Rd8 15. Nd4 Nxd4 16. exd4 Bf5 17. O-O 1/2-1/2

[Event "78.Santo Camp. Veneto Quarti di Finale"]
[Site "Padova ITA"]
[Date "2019.02.17"]
[Round "4.17"]
[White "Ballotti, Luca"]
[Black "Tripodi, Enzo"]
[Result "0-1"]
[WhiteElo "2061"]
[BlackElo "2002"]
[Annotator "Gabriele Ballarin"]
[PlyCount "152"]
[EventDate "2019.02.15"]
[EventType "swiss"]
[EventRounds "5"]
[EventCountry "ITA"]

1. e4 c5 2. Nf3 d6 3. d4 cxd4 4. Qxd4 Bd7 5. Bg5 Nc6 6. Qd2 Qb6 7. Nc3 e6 8. Be2 Be7 9. Bxe7 Ncxe7 10. O-O Rd8 11. a4 Nf6 12. a5 Qc5 13. Nd4 O-O 14. Rfd1 Qb4 15. Qe3 a6 16. Nb3 e5 17. f3 d5 18. exd5 Bf5 19. Ra4 Qd6 20. Ne4 Nfxd5 21. Qg5 Qg6 22. Qxg6 Bxg6 23. Nbc5 Nf4 24. Bd3 Nf5 25. Nxb7 Rd5 26. Nc3 Nxd3 27. Nxd5 Nxb2 28. Raa1 Nxd1 29. Rxd1 h6 30. c3 Rb8 31. Nd6 Kf8 32. Nb6 Rd8 33. Nbc4 Nxd6 34. Rxd6 Rxd6 35. Nxd6 Ke7 36. Nc4 Ke6 37. Kf2 Kd5 38. Na3 f5 39. Ke3 f4+ 40. Kf2 Bf5 41. g4 fxg3+ 42. hxg3 h5 43. Kg2 g5 44. Kh2 Bd3 45. Kg2 g4 46. Kf2 Bg6 47. fxg4 hxg4 48. Ke3 Bh7 49. Kf2 Ke4 50. Ke2 Bg8 51. Nc2 Bc4+ 52. Kf2 Kd3 53. Ne3 Be6 54. c4 Kd4 55. Ke2 Bxc4+ 56. Kf2 Be6 57. Nc2+ Kc3 58. Ne1 Bf5 59. Ke3 Kb4 60. Kd2 Kxa5 61. Ng2 Kb5 62. Ne3 Be6 63. Kc3 Kc5 64. Kd3 a5 65. Kc3 a4 66. Nc2 e4 67. Ne3 a3 68. Nc2 a2 69. Kb2 Kc4 70. Ne1 Kd4 71. Ng2 e3 72. Ne1 e2 73. Ng2 Bd5 74. Ne1 Ke3 75. Ka1 Kd2 76. Nc2 e1=Q+ 0-1

[Event "78.Santo Camp. Veneto Quarti di Finale"]
[Site "Padova ITA"]
[Date "2019.02.17"]
[Round "4.18"]
[White "Gola, Giorgio"]
[Black "Stiz, Massimiliano"]
[Result "1/2-1/2"]
[WhiteElo "1701"]
[BlackElo "2055"]
[Annotator "Gabriele Ballarin"]
[PlyCount "62"]
[EventDate "2019.02.15"]
[EventType "swiss"]
[EventRounds "5"]
[EventCountry "ITA"]

1. e4 Nf6 2. e5 Nd5 3. c4 Nb6 4. d4 d6 5. f4 g6 6. Be3 Bg7 7. Be2 O-O 8. Nc3 c6 9. Nf3 Bg4 10. O-O dxe5 11. Nxe5 Bxe2 12. Qxe2 e6 13. Ne4 N8d7 14. Rfd1 Qe7 15. Rd2 Nf6 16. Nc5 Rab8 17. Rad1 Nbd7 18. Ncxd7 Nxd7 19. Nxd7 Qxd7 20. d5 exd5 21. cxd5 Rfe8 22. Qf2 b6 23. Bd4 c5 24. Bxg7 Kxg7 25. Qf3 Qd6 26. g3 Re7 27. Re2 Rbe8 28. Rxe7 Rxe7 29. Kf2 f6 30. Qd3 Kf7 31. b3 Kg7 {=} 1/2-1/2

[Event "78.Santo Camp. Veneto Quarti di Finale"]
[Site "Padova ITA"]
[Date "2019.02.17"]
[Round "4.19"]
[White "Raccanello, Marianna"]
[Black "Giordani, Luca"]
[Result "1-0"]
[WhiteElo "2029"]
[BlackElo "1847"]
[Annotator "Gabriele Ballarin"]
[PlyCount "77"]
[EventDate "2019.02.15"]
[EventType "swiss"]
[EventRounds "5"]
[EventCountry "ITA"]

1. e4 c5 2. Nf3 Nc6 3. d4 cxd4 4. Nxd4 Nf6 5. Nc3 e6 6. Ndb5 Bc5 7. Nd6+ Ke7 8. Bf4 e5 9. Nf5+ Kf8 10. Be3 Bb4 11. a3 Bxc3+ 12. bxc3 d5 13. f3 Bxf5 14. exf5 Qa5 15. Qd2 Ne7 16. g4 Rc8 17. g5 Nh5 18. c4 Qxd2+ 19. Kxd2 d4 20. Bf2 Nxf5 21. Bh3 g6 22. Rhe1 Re8 23. Bxf5 gxf5 24. Rab1 Re7 25. Rb5 Rg8 26. h4 e4 27. Bxd4 Ng3 28. Bc5 Ke8 29. Bxe7 Kxe7 30. Ke3 Rc8 31. Kf2 f4 32. Rxb7+ Ke6 33. fxe4 Rxc4 34. Kf3 Rc3+ 35. Kxf4 Rxa3 36. Rb3 Rxb3 37. cxb3 Nh5+ 38. Kg4 Ng7 39. Ra1 1-0

[Event "78.Santo Camp. Veneto Quarti di Finale"]
[Site "Padova ITA"]
[Date "2019.02.17"]
[Round "4.20"]
[White "Toniolo, Samuel"]
[Black "Malfagia, Andrea"]
[Result "0-1"]
[WhiteElo "1954"]
[BlackElo "2206"]
[Annotator "Gabriele Ballarin"]
[PlyCount "34"]
[EventDate "2019.02.15"]
[EventType "swiss"]
[EventRounds "5"]
[EventCountry "ITA"]

1. e4 c5 2. Nf3 e6 3. d4 cxd4 4. Nxd4 Nc6 5. Nc3 a6 6. Be2 Qc7 7. O-O Nf6 8. Kh1 Nxd4 9. Qxd4 Bc5 10. Qd3 b5 11. a3 Bb7 12. f4 h5 13. e5 Ng4 14. Ne4 Rc8 15. Bxg4 hxg4 16. Nxc5 Qxc5 17. c3 Rh3 0-1

[Event "78.Santo Camp. Veneto Quarti di Finale"]
[Site "Padova ITA"]
[Date "2019.02.17"]
[Round "4.21"]
[White "De Marzi, Davide"]
[Black "Lezzerini, Marco"]
[Result "0-1"]
[WhiteElo "1704"]
[BlackElo "2133"]
[Annotator "Gabriele Ballarin"]
[PlyCount "40"]
[EventDate "2019.02.15"]
[EventType "swiss"]
[EventRounds "5"]
[EventCountry "ITA"]

1. d4 e6 2. c4 Bb4+ 3. Nc3 c5 4. Nf3 Nf6 5. Bd2 O-O 6. e3 Nc6 7. Bd3 cxd4 8. exd4 d5 9. a3 Be7 10. c5 a5 11. Na4 Nd7 12. b4 axb4 13. axb4 e5 14. dxe5 Ndxe5 15. Nxe5 Nxe5 16. Bc2 Bg4 17. Qb1 Bg5 18. Qc1 Bxd2+ 19. Qxd2 Nc4 20. Qd4 Qe7+ 0-1

[Event "78.Santo Camp. Veneto Quarti di Finale"]
[Site "Padova ITA"]
[Date "2019.02.17"]
[Round "4.22"]
[White "Ongarelli, Marco"]
[Black "Marasà, Giuseppe"]
[Result "1/2-1/2"]
[WhiteElo "2021"]
[BlackElo "1975"]
[Annotator "Gabriele Ballarin"]
[PlyCount "47"]
[EventDate "2019.02.15"]
[EventType "swiss"]
[EventRounds "5"]
[EventCountry "ITA"]

1. d4 d5 2. Nf3 Nf6 3. e3 g6 4. c4 c6 5. Nc3 Bg7 6. Bd3 O-O 7. O-O Bf5 8. Bxf5 gxf5 9. b3 Ne4 10. Qc2 Kh8 11. Ba3 Rg8 12. Rac1 e6 13. cxd5 cxd5 14. Ne2 Nc6 15. Nf4 Rc8 16. Qb2 Bh6 17. Nd3 Bg7 18. g3 h6 19. Bc5 b6 20. Ba3 Ng5 21. Qc2 Kh7 22. Nxg5+ Qxg5 23. Bd6 Bf6 24. Kg2 {=} 1/2-1/2

[Event "78.Santo Camp. Veneto Quarti di Finale"]
[Site "Padova ITA"]
[Date "2019.02.17"]
[Round "4.23"]
[White "Tramalloni, Luca"]
[Black "Ottaviani, Gianluca"]
[Result "1/2-1/2"]
[WhiteElo "2018"]
[BlackElo "1906"]
[Annotator "Gabriele Ballarin"]
[PlyCount "56"]
[EventDate "2019.02.15"]
[EventType "swiss"]
[EventRounds "5"]
[EventCountry "ITA"]

1. d4 d5 2. Nf3 Nf6 3. c4 e6 4. g3 Bb4+ 5. Bd2 Be7 6. Bg2 O-O 7. O-O c6 8. Qc2 Nbd7 9. Rd1 b6 10. Bf4 Nh5 11. Bc1 f5 12. Nbd2 Bb7 13. b3 Bd6 14. Bb2 Qe7 15. Ne5 Nhf6 16. Nd3 Rac8 17. Rac1 Ne4 18. e3 c5 19. f3 Ng5 20. Re1 Qe8 21. Qc3 cxd4 22. exd4 Qg6 23. f4 Ne4 24. Nxe4 dxe4 25. Nf2 Nf6 26. Qe3 h5 27. h4 Rfd8 28. Red1 Be7 {=} 1/2-1/2

[Event "78.Santo Camp. Veneto Quarti di Finale"]
[Site "Padova ITA"]
[Date "2019.02.17"]
[Round "4.24"]
[White "Pozzari, Simone"]
[Black "Proietti Tocca, Tosca"]
[Result "1/2-1/2"]
[WhiteElo "2017"]
[BlackElo "1824"]
[Annotator "Gabriele Ballarin"]
[PlyCount "141"]
[EventDate "2019.02.15"]
[EventType "swiss"]
[EventRounds "5"]
[EventCountry "ITA"]

1. d4 Nf6 2. c4 g6 3. Nc3 Bg7 4. e4 d6 5. f3 O-O 6. Bg5 c5 7. d5 a6 8. Qd2 Qa5 9. Bh6 b5 10. h4 Nh5 11. Bxg7 Kxg7 12. Nge2 Nd7 13. cxb5 Ne5 14. Kf2 axb5 15. g4 Bxg4 16. fxg4 Nxg4+ 17. Kg1 f5 18. Qg5 Qb6 19. Rd1 h6 20. Qd2 b4 21. exf5 bxc3 22. Qxc3+ Rf6 23. Bh3 Ne5 24. a3 Ra4 25. Kh2 Rc4 26. Qe3 Rxh4 27. Rhg1 Rxf5 28. Rd3 Rxh3+ 29. Qxh3 Rf2+ 30. Kh1 Nxd3 31. Qxd3 Rf6 32. Qe3 Qb7 33. Nc3 Qd7 34. Ne4 Rf7 35. Qc3+ Kh7 36. Qd3 Qf5 37. Nf2 Nf4 38. Qxf5 Rxf5 39. Re1 Nxd5 40. Nd3 Kg7 41. a4 Kf7 42. a5 Nb4 43. Ra1 Na6 44. Rc1 c4 45. Rxc4 Rxa5 46. b4 Rb5 47. Rh4 h5 48. Kg2 e5 49. Kf3 Kf6 50. Kg3 Kf5 51. Rh1 g5 52. Rxh5 Nxb4 53. Nf2 Nd5 54. Rh8 Rb3+ 55. Kh2 Nf6 56. Kg2 d5 57. Ra8 d4 58. Rd8 Rb2 59. Kf1 e4 60. Rxd4 Rb1+ 61. Rd1 Rxd1+ 62. Nxd1 Kf4 63. Kf2 Ng4+ 64. Ke2 e3 65. Nc3 Ne5 66. Nd5+ Ke4 67. Nxe3 Kf4 68. Kf2 Nd3+ 69. Ke2 Nc1+ 70. Kf2 Ke4 71. Kg3 {=} 1/2-1/2

[Event "78.Santo Camp. Veneto Quarti di Finale"]
[Site "Padova ITA"]
[Date "2019.02.17"]
[Round "4.25"]
[White "Bellincampi, Stefano"]
[Black "Zotti, Enrico"]
[Result "1-0"]
[WhiteElo "2009"]
[BlackElo "1790"]
[Annotator "Gabriele Ballarin"]
[PlyCount "131"]
[EventDate "2019.02.15"]
[EventType "swiss"]
[EventRounds "5"]
[EventCountry "ITA"]

1. Nf3 c5 2. c4 Nc6 3. d4 cxd4 4. Nxd4 Nf6 5. Nc3 g6 6. e4 d6 7. Be2 Bg7 8. Be3 Bd7 9. O-O Ne5 10. h3 Qc8 11. Rc1 O-O 12. Nd5 Re8 13. f4 Nc6 14. Bf3 Bxh3 15. Nxc6 bxc6 16. Nxf6+ Bxf6 17. gxh3 Qxh3 18. Rc2 e5 19. f5 Bh4 20. Rh2 Qg3+ 21. Kh1 Bg5 22. Rg1 Qxh2+ 23. Kxh2 Bxe3 24. Rg2 Rad8 25. Qe1 Bf4+ 26. Kg1 d5 27. cxd5 cxd5 28. exd5 e4 29. Bxe4 Rxd5 30. Re2 Rde5 31. Bd3 Be3+ 32. Kg2 g5 33. b3 Kg7 34. Qh1 f6 35. Qh3 Bb6 36. Rxe5 Rxe5 37. Bc4 Re1 38. Qd3 Rg1+ 39. Kh2 g4 40. Qd7+ Kh6 41. Bd5 Re1 42. Qf7 Bd4 43. a4 Be5+ 44. Kg2 Re2+ 45. Kf1 Rd2 46. Qf8+ Kg5 47. Qg7+ Kxf5 48. Qxh7+ Kg5 49. Be4 Rb2 50. Qxa7 f5 51. Bd5 f4 52. Qh7 f3 53. a5 Bd4 54. Qd3 Ba7 55. Bxf3 Rf2+ 56. Ke1 Rxf3 57. Qd8+ Kh5 58. Qh8+ Kg6 59. Qg8+ Kh6 60. Qxg4 Re3+ 61. Kd2 Re5 62. Qf4+ Rg5 63. Qh4+ Kg6 64. Qe4+ Rf5 65. Qe6+ Kg5 66. Qe7+ 1-0

[Event "78.Santo Camp. Veneto Quarti di Finale"]
[Site "Padova ITA"]
[Date "2019.02.17"]
[Round "4.26"]
[White "Grattarola, Fabioi"]
[Black "Desideri, Leonardo"]
[Result "1-0"]
[WhiteElo "2004"]
[BlackElo "1786"]
[Annotator "Gabriele Ballarin"]
[PlyCount "106"]
[EventDate "2019.02.15"]
[EventType "swiss"]
[EventRounds "5"]
[EventCountry "ITA"]

1. d4 f5 2. Nf3 e6 3. c4 Nf6 4. Nc3 d5 5. Bg5 c6 6. e3 Bd6 7. Ne5 O-O 8. Be2 Qe8 9. O-O b6 10. cxd5 exd5 11. Bxf6 Rxf6 12. f4 Bb7 13. Rc1 Nd7 14. Bf3 Bxe5 15. fxe5 Rh6 16. g3 Kh8 17. b4 Rd8 18. Qb3 a6 19. a4 b5 20. Qc2 Nb6 21. axb5 cxb5 22. Qxf5 Nc4 23. Rce1 Bc8 24. Qf4 Be6 25. Bxd5 g5 26. Qf3 Nd2 27. Qg2 Nxf1 28. Rxf1 Bxd5 29. Nxd5 Rc6 30. Nf6 Rxf6 31. Rxf6 Rc8 32. Qf2 Rc1+ 33. Kg2 Qa8+ 34. Kh3 g4+ 35. Kxg4 Qg8+ 36. Kh3 Qc8+ 37. g4 Kg8 38. Qf5 Qe8 39. Qe6+ Qxe6 40. Rxe6 Re1 41. Rxa6 Rxe3+ 42. Kh4 Rd3 43. Rd6 Rb3 44. Kg5 Rxb4 45. Kf6 h5 46. gxh5 Rb2 47. Rb6 b4 48. d5 b3 49. d6 Rf2+ 50. Ke6 b2 51. d7 b1=Q 52. Rxb1 Kh7 53. d8=Q Rf7 1-0

[Event "78.Santo Camp. Veneto Quarti di Finale"]
[Site "Padova ITA"]
[Date "2019.02.17"]
[Round "4.27"]
[White "Desideri, Alessandro"]
[Black "Pecci, William"]
[Result "0-1"]
[WhiteElo "1904"]
[BlackElo "1918"]
[Annotator "Gabriele Ballarin"]
[PlyCount "78"]
[EventDate "2019.02.15"]
[EventType "swiss"]
[EventRounds "5"]
[EventCountry "ITA"]

1. e4 e5 2. Nf3 Nc6 3. Bc4 Bc5 4. c3 Nf6 5. d3 a6 6. Bb3 Ba7 7. Nbd2 d6 8. Nf1 O-O 9. Bg5 Qe7 10. h3 Nd8 11. Ng3 Ne6 12. Nf5 Qd8 13. Qd2 Nxg5 14. Qxg5 Bxf5 15. Qxf5 Qd7 16. Qg5 h6 17. Qd2 Rfe8 18. g4 d5 19. Qe2 dxe4 20. dxe4 Qc6 21. Bc2 Rad8 22. Rg1 Qb5 23. b3 {=} Qa5 24. b4 Qa3 25. Bb3 a5 26. bxa5 Qc5 27. Nd2 Qxc3 28. Rd1 Rd4 29. Rg3 Qxa5 30. f3 Red8 31. Rg2 Rd3 32. Kf1 Qc3 33. Rh2 Re3 34. Nb1 Rxf3+ 35. Kg2 Rg3+ 36. Kh1 Rxd1+ 37. Qxd1 Qe3 38. Rg2 Rxh3+ 39. Rh2 Qxe4+ 0-1

[Event "78.Santo Camp. Veneto Quarti di Finale"]
[Site "Padova ITA"]
[Date "2019.02.17"]
[Round "4.28"]
[White "Sibille, Ettore"]
[Black "Rosina, Graziano"]
[Result "0-1"]
[WhiteElo "1980"]
[BlackElo "1738"]
[Annotator "Gabriele Ballarin"]
[PlyCount "36"]
[EventDate "2019.02.15"]
[EventType "swiss"]
[EventRounds "5"]
[EventCountry "ITA"]

1. e4 e5 2. Nf3 Nf6 3. d4 Nxe4 4. Bd3 d5 5. Nxe5 Bd6 6. Qe2 O-O 7. Bxe4 dxe4 8. Nc3 Re8 9. Bf4 f6 10. O-O-O Qe7 11. Bg3 fxe5 12. dxe5 Bxe5 13. Qc4+ Be6 14. Qxe4 Bxc3 15. Qxb7 Bxb2+ 16. Kxb2 Nd7 17. Qxc7 Rab8+ 18. Kc1 Qa3+ 0-1

[Event "78.Santo Camp. Veneto Quarti di Finale"]
[Site "Padova ITA"]
[Date "2019.02.17"]
[Round "4.29"]
[White "Bordin, Silvia"]
[Black "Garau, Francesca"]
[Result "1-0"]
[WhiteElo "1858"]
[BlackElo "1772"]
[Annotator "Gabriele Ballarin"]
[PlyCount "103"]
[EventDate "2019.02.15"]
[EventType "swiss"]
[EventRounds "5"]
[EventCountry "ITA"]

1. e4 c6 2. d4 d5 3. e5 c5 4. dxc5 e6 5. Be3 Qc7 6. f4 Bxc5 7. Bxc5 Qxc5 8. Qd2 Bd7 9. c3 Ne7 10. Na3 Na6 11. Nf3 Qb6 12. Bxa6 bxa6 13. Qf2 Rb8 14. Qxb6 axb6 15. Nd4 O-O 16. O-O Nc6 17. Nxc6 Bxc6 18. Nc2 Rbc8 19. Nd4 Bd7 20. Rfe1 Rc4 21. Rac1 Rfc8 22. a3 a5 23. g3 Kf8 24. Kf2 Ke7 25. Rcd1 Ra8 26. Ne2 Bb5 27. Nd4 Bd7 28. Nf3 b5 29. Rd4 Rac8 30. Red1 Rxd4 31. Rxd4 Rc4 32. Ke3 Rc5 33. Nd2 Rc8 34. Nb3 Ra8 35. Nc5 Ra7 36. Rd2 Kd8 37. Kd4 Rc7 38. b4 a4 39. Re2 Ke7 40. Re3 Bc8 {=} 41. h3 Kf8 42. Rf3 Rc6 43. g4 Kg8 44. f5 Rc7 45. h4 Kh8 46. fxe6 Kg8 47. Kxd5 fxe6+ 48. Kd6 Ra7 49. Rf4 h6 50. h5 Kh7 51. Rf8 Bb7 52. Rf7 1-0

[Event "78.Santo Camp. Veneto Quarti di Finale"]
[Site "Padova ITA"]
[Date "2019.02.17"]
[Round "4.30"]
[White "Gaudiosi, Andrea"]
[Black "Garbezza, Davide"]
[Result "0-1"]
[WhiteElo "1684"]
[BlackElo "1885"]
[Annotator "Gabriele Ballarin"]
[PlyCount "72"]
[EventDate "2019.02.15"]
[EventType "swiss"]
[EventRounds "5"]
[EventCountry "ITA"]

1. c4 c6 2. Nc3 d5 3. d4 Nf6 4. e3 e6 5. Bd3 Nbd7 6. Qc2 dxc4 7. Bxc4 b5 8. Bd3 a6 9. Bd2 Bb7 10. f3 c5 11. dxc5 Nxc5 12. Be2 Be7 13. Nh3 Rc8 14. b4 Na4 15. Qb3 Nxc3 16. Bxc3 Qc7 17. Bb2 Qc2 18. Qxc2 Rxc2 19. Ba3 Nd5 20. Kf2 Nxb4 21. Bxb4 Bxb4 22. Rhc1 Rxc1 23. Rxc1 Kd7 24. Rd1+ Ke7 25. Rd4 Bc5 26. Rg4 g6 27. Rg5 Ba7 28. Rg4 Bc5 29. Ng5 f5 30. Rh4 h6 31. Nh3 Kf6 32. f4 Bd5 33. g4 fxg4 34. Rxg4 Bxa2 35. Bd3 Rg8 36. Rh4 b4 0-1

[Event "78.Santo Camp. Veneto Quarti di Finale"]
[Site "Padova ITA"]
[Date "2019.02.17"]
[Round "5.1"]
[White "Sonis, Francesco"]
[Black "Basso, Pier Luigi"]
[Result "1/2-1/2"]
[WhiteElo "2477"]
[BlackElo "2512"]
[Annotator "Gabriele Ballarin"]
[PlyCount "22"]
[EventDate "2019.02.15"]
[EventType "swiss"]
[EventRounds "5"]
[EventCountry "ITA"]

1. Nf3 d5 2. c4 e6 3. g3 Nf6 4. Bg2 Be7 5. O-O O-O 6. d4 dxc4 7. Ne5 Nc6 8. Bxc6 bxc6 9. Nxc6 Qe8 10. Nxe7+ Qxe7 11. Nc3 Rd8 {=} 1/2-1/2

[Event "78.Santo Camp. Veneto Quarti di Finale"]
[Site "Padova ITA"]
[Date "2019.02.17"]
[Round "5.2"]
[White "Loiacono, Leonardo"]
[Black "Simonetto, Andrea"]
[Result "1/2-1/2"]
[WhiteElo "2249"]
[BlackElo "2222"]
[Annotator "Gabriele Ballarin"]
[PlyCount "70"]
[EventDate "2019.02.15"]
[EventType "swiss"]
[EventRounds "5"]
[EventCountry "ITA"]

1. d4 d5 2. c4 e6 3. Nc3 Nf6 4. Nf3 Be7 5. Bf4 O-O 6. e3 b6 7. cxd5 Nxd5 8. Nxd5 Qxd5 9. Bd3 Qa5+ 10. Nd2 Ba6 11. Bxa6 Nxa6 {=} 12. O-O c5 13. Nb3 Qa4 14. dxc5 Nxc5 15. Nxc5 Qxd1 16. Rfxd1 Bxc5 17. Rd7 Rfd8 18. Rad1 Rxd7 19. Rxd7 Kf8 20. g4 a5 21. Rb7 Rc8 22. Be5 f6 23. Bd4 Bxd4 24. exd4 Rd8 25. Rxb6 Rxd4 26. h3 Kf7 27. Rb5 Rd2 28. Rxa5 Rxb2 29. Ra7+ Kg6 30. Kg2 h5 31. Kg3 hxg4 32. hxg4 f5 33. f3 Kf6 34. Ra6 g6 35. a3 Ra2 {=} 1/2-1/2

[Event "78.Santo Camp. Veneto Quarti di Finale"]
[Site "Padova ITA"]
[Date "2019.02.17"]
[Round "5.3"]
[White "Gilevych, Artem"]
[Black "Dobboletta, Alex"]
[Result "1-0"]
[WhiteElo "2403"]
[BlackElo "2171"]
[Annotator "Gabriele Ballarin"]
[PlyCount "35"]
[EventDate "2019.02.15"]
[EventType "swiss"]
[EventRounds "5"]
[EventCountry "ITA"]

1. e4 e6 2. d4 d5 3. Nc3 Nf6 4. Bg5 Bb4 5. e5 h6 6. Bd2 Bxc3 7. bxc3 Ne4 8. Bc1 c5 9. Ne2 Qa5 10. f3 Nxc3 11. Qd2 cxd4 12. Nxd4 Qc7 13. Bb2 Qxe5+ 14. Kf2 Na4 15. Bb5+ Bd7 16. Bxa4 Bxa4 17. Qb4 Bd7 18. Nxe6 1-0

[Event "78.Santo Camp. Veneto Quarti di Finale"]
[Site "Padova ITA"]
[Date "2019.02.17"]
[Round "5.4"]
[White "Dvirnyy, Danyyil"]
[Black "Marzocchi, Tommaso"]
[Result "1-0"]
[WhiteElo "2487"]
[BlackElo "2155"]
[Annotator "Gabriele Ballarin"]
[PlyCount "65"]
[EventDate "2019.02.15"]
[EventType "swiss"]
[EventRounds "5"]
[EventCountry "ITA"]

1. d4 d5 2. c4 c6 3. Nf3 Nf6 4. Nc3 e6 5. g3 Nbd7 6. Bg2 Bd6 7. O-O O-O 8. Nd2 dxc4 9. Nxc4 Bc7 10. e4 b5 11. Ne3 Rb8 12. e5 Nd5 13. Ncxd5 cxd5 14. Ng4 b4 15. h4 Ba6 16. Re1 Qe8 17. Bg5 Bd8 18. Qd2 Be7 19. b3 Qd8 20. Bf3 Rc8 21. Rac1 Bxg5 22. hxg5 Qa5 23. Kg2 Rfd8 24. Rxc8 Rxc8 25. Rh1 Qb5 26. Bd1 Rc3 27. Bc2 Qe2 28. Bxh7+ Kf8 29. Qf4 Ke7 30. Bb1 Nf8 31. g6 Nxg6 32. Bxg6 fxg6 33. Rh7 1-0

[Event "78.Santo Camp. Veneto Quarti di Finale"]
[Site "Padova ITA"]
[Date "2019.02.17"]
[Round "5.5"]
[White "Vancini, Edoardo"]
[Black "Granaldi, Alessandro"]
[Result "1-0"]
[WhiteElo "2214"]
[BlackElo "2087"]
[Annotator "Gabriele Ballarin"]
[PlyCount "150"]
[EventDate "2019.02.15"]
[EventType "swiss"]
[EventRounds "5"]
[EventCountry "ITA"]

1. d4 Nf6 2. Bg5 d5 3. Bxf6 exf6 4. e3 Bd6 5. g3 O-O 6. Bg2 c6 7. Ne2 f5 8. Nd2 Be6 9. Nf4 Qe7 10. Qe2 Nd7 11. O-O Nf6 12. c4 dxc4 13. Nxe6 Qxe6 14. Nxc4 Bc7 15. Qc2 g6 16. Nd2 Rfe8 17. b4 Bd6 18. Rab1 Ne4 19. Nc4 Rac8 20. Nxd6 Qxd6 21. Rfc1 h5 22. Rb3 a6 23. Rd1 Nf6 24. Qc5 Qe7 25. Qxe7 Rxe7 26. Rc1 Rcc7 27. Rbc3 Rcd7 28. a4 Nd5 29. Rb3 Nb6 30. Ra1 Rc7 31. Kf1 Nc4 32. Ke2 b5 33. Rc3 Nb2 34. axb5 cxb5 35. Bc6 Na4 36. Rc2 Red7 37. Kd3 Rd6 38. Bg2 Rxc2 39. Kxc2 Rd7 40. Bc6 Rd6 41. Bf3 Rd7 42. Kd2 Ra7 43. Bd1 Nb6 44. Bb3 Kf8 45. Rc1 Ke7 46. Rc6 Nd7 47. Kc3 Ra8 48. f3 h4 49. gxh4 Rh8 50. Rxa6 Rxh4 51. Ra2 Rh3 52. Rf2 Nf6 53. Kd3 g5 54. Rg2 Rxf3 55. Rxg5 Ng4 56. Bd1 Rxe3+ 57. Kd2 Re4 58. Bxg4 Rxd4+ 59. Ke3 Rxb4 60. Bxf5 Rh4 61. Rg2 Kd6 62. Kf3 Ke5 63. Kg3 Rh8 64. Rf2 f6 65. h4 Rg8+ 66. Bg4 b4 67. h5 Rg5 68. Kh4 b3 69. h6 Rg6 70. Rf5+ Ke4 71. Kh5 b2 72. Rb5 Rg5+ 73. Rxg5 b1=Q 74. Bf5+ Ke5 75. Bxb1+ fxg5 1-0